000 00718nam a22002531 4500
001 15799
003 BD-RjUL
005 20211208235905.0
008 140210s1958 nyua b 001 0 eng
035 _a(BD-RjUL)15854
040 _aDLC
_cDLC
_dBD-RjUL
_beng
041 _aeng
082 0 0 _a658
_bALM 1958
100 1 _aAllen, Louis A.
_948999
245 1 0 _aManagement and organization /
_cLouis A. Allen.
260 _aNew York :
_bMcGraw-Hill,
_cc1958.
300 _axi, 353 p. :
_billus. ;
_c24 cm.
490 0 _aMcGraw-Hill series in management
504 _aIncludes bibliography and index.
650 0 _aIndustrial organization.
_949000
942 _2ddc
_cBK
999 _c15799
_d15799